লোডিং...

Characterization of Biomaterials

গ্রন্থ-পঞ্জীর বিবরন
প্রধান লেখক: Bandhyopadhya, Amit; ed
অন্যান্য লেখক: Bose, Susmita ;ed
বিন্যাস: বৈদ্যুতিন গ্রন্থ
ভাষা:English
প্রকাশিত: Wood head pub.e.books 2013
বিষয়গুলি:
অনলাইন ব্যবহার করুন:http://www.sciencedirect.com/science/book/9780124158009
LEADER 00619 a2200193 4500
005 20151026133401.0
008 150427b xxu||||| |||| 00| 0 eng d
003 ulcusat
020 |a 978-0-12-415800-9 
100 |a Bandhyopadhya, Amit; ed. 
245 |a Characterization of Biomaterials 
260 |c 2013  |b Wood head pub.e.books 
500 |a Online Book 
653 |a Biomedical materials 
700 |a Bose, Susmita ;ed. 
856 |u http://www.sciencedirect.com/science/book/9780124158009 
942 |c EB  |6 _ 
999 |c 69731  |d 69731 
952 |0 0  |1 0  |2 udc  |4 0  |6 _  |7 0  |9 81878  |a UL  |b UL  |d 2015-05-22  |p EB000288  |r 2015-05-22  |w 2015-05-22  |y EB